| 000 | 00597nam a2200169Ia 4500 | ||
|---|---|---|---|
| 003 | IN-BaIIA | ||
| 008 | 211028s9999 xx 000 0 eng d | ||
| 040 | _cIIA Library | ||
| 080 |
_a083:52 _bLU |
||
| 100 |
_aLu, Phillip K _913817 |
||
| 245 | 0 |
_aPreliminary Catalogue of the Positions and Proper Motions of Stars Between Declination-70 degrees and -90 degrees Reduce _cPhillip K Lu |
|
| 260 |
_aNew Haven _bThe Observatory _c1971 |
||
| 300 | _a274p. | ||
| 650 | _aAstronomy and Astrophysics Thesaurus | ||
| 650 |
_aCatalogue-Stars _9966 |
||
| 942 | _cBK | ||
| 999 |
_c8237 _d8237 |
||